Countries but all Vowels are Changed to “O” #1 - Statistics

General Stats
  • This quiz has been taken 2,933 times
  • The average score is 16 of 16
Answer Stats
Coontro Country % Correct
Moxoco Mexico
100%
Bohomos Bahamas
99%
Brozol Brazil
99%
Ogopt Egypt
99%
Fojo Fiji
99%
Fronco France
99%
Gormono Germany
99%
Jopon Japan
99%
Nothorlonds Netherlands
99%
North Koroo North Korea
99%
Rossoo Russia
99%
Sodon Sudan
99%
Oostroloo Australia
98%
Hooto Haiti
98%
Morocco Morocco
98%
Poro Peru
98%
No matching quizzes found
Score Distribution
Percent of People with Each Score
Percentile by Number Answered
Your Score History
You have not taken this quiz